Statistics for General Knowledge Quiz #73

Click here to take the quiz!

General Stats

  • This quiz has been taken 94,528 times
    (54,662 since last reset)
  • The average score is 12 of 20

Answer Stats

QuestionAnswer% Correct
Off what country's shores would you find the Great Barrier Reef?Australia
93%
What country is famous for its fjords?Norway
92%
What is the official London residence of the British monarch?Buckingham Palace
86%
What does Santa leave in the stockings of naughty children?Coal
86%
According to Greek legend, who opened the box that contained all the world's troubles?Pandora
85%
In the equation 9/5 C + 32 = F, what does C stand for?Celsius
79%
Who started the Protestant Reformation?Martin Luther
71%
What movie did the song "A Whole New World" come from?Aladdin
69%
What is missing from this group of four: Indiana, Iowa, Illinois?Idaho
69%
What country is Saxony a part of?Germany
67%
Who appeared in cameos in over two dozen comic book movies?Stan Lee
67%
What weapon does Michelangelo the Ninja Turtle use?Nunchucks
61%
Among scuba divers, what is decompression sickness commonly known as?The {Bends}
51%
What did Steve Fossett use to travel around the world in 2002?Balloon
50%
What singer's six children are named Lourdes, Rocco, David, Mercy,
Estere, and Stelle?
Madonna
44%
Josip Broz Tito is sometimes called a benevolent dictator. What country did he rule?Yugoslavia
38%
What was the name of the generation that came of age during WWI, including
Ernest Hemingway and F. Scott Fitzgerald?
The {Lost} Generation
35%
Starting in Hong Kong and digging directly through the center of the Earth,
in what country would you emerge?
Argentina
31%
What fluttering objects do vexillologists study?Flags
29%
What word is the most common synonym of the word "corsair"?Pirate
25%

Score Distribution

Percentile by Number Answered

Percent of People with Each Score

Your Score History

You have not taken this quiz since the last reset